Statistics for All US Territories

Click here to take the quiz!

General Stats

  • This quiz has been taken 289 times
  • The average score is 41 of 67

Answer Stats

Answer% Correct
Puerto Rico
88%
Guam
84%
The Virgin Islands of the United States
79%
American Samoa
74%
Columbia
72%
Alabama
71%
California
71%
Hawaii
71%
Virginia
70%
Alaska
69%
New York
69%
Florida
68%
Maine
68%
New Jersey
68%
Texas
68%
Delaware
67%
New Hampshire
67%
New Mexico
67%
Washington
67%
West Virginia
67%
Georgia
66%
Kentucky
66%
Massachusetts
66%
North Dakota
66%
Ohio
66%
Oregon
66%
Arizona
65%
Colorado
65%
Connecticut
65%
Idaho
65%
Maryland
65%
Mississippi
65%
Nevada
65%
North Carolina
65%
South Carolina
65%
South Dakota
65%
Tennessee
65%
Vermont
65%
Arkansas
64%
Illinois
64%
Indiana
64%
Michigan
64%
Montana
64%
Nebraska
64%
Pennsylvania
64%
Wyoming
64%
Louisiana
63%
Minnesota
63%
Rhode Island and Providence Plantations
63%
The Northern Mariana Islands
63%
Iowa
62%
Kansas
62%
Missouri
62%
Oklahoma
62%
Utah
62%
Wisconsin
60%
Midway Atoll
44%
Johnston Atoll
43%
Wake Island
42%
Baker Island
39%
Howland Island
36%
Jarvis Island
36%
Navassa Island
36%
Palmyra Atoll
36%
Kingman Reef
35%
Serranilla Bank
18%
Bajo Nuevo Bank (Petrel Island)
16%

Score Distribution

Percentile by Number Answered

Percent of People with Each Score

Your Score History

You have not taken this quiz